| 000 | 00543nam a22001457a 4500 | ||
|---|---|---|---|
| 003 | OSt | ||
| 005 | 20150908153900.0 | ||
| 008 | 150908b xxu||||| |||| 00| 0 eng d | ||
| 040 | _cRUA | ||
| 082 | _aAGR ស៊្រុន ១៩៩២ BOO8 Or.1 | ||
| 100 |
_9163 _aស៊្រុន ហេង |
||
| 245 | _aលក្ខខ័ន្ឌ ផលិតកម្ម និងលទ្ធភាពនៃការលក់ផលិតផលស្រូវ នៅប្រទេសក្មពុជា | ||
| 300 |
_a41p. _bill. _c29cm. |
||
| 942 |
_2ddc _cAGR |
||
| 999 |
_c143 _d143 |
||